| 000 | 00647nam a22001817a 4500 | ||
|---|---|---|---|
| 020 | _a9693513886 | ||
| 082 |
_a891.439 _bKAS |
||
| 100 | _aKashmiri, Dr. Tabsum | ||
| 245 |
_aUrdu Adab Ki Tarikhe/ _cDr. Tabsum Kashmiri, |
||
| 260 |
_aLahore ; _bSang e mil, _c2016. |
||
| 300 |
_a872p. : _c28cm. |
||
| 563 | _aHB | ||
| 650 |
_aUrdu literature—History and criticism _9129627 |
||
| 880 |
_6100-01\(3\r _aڈاکٹر تبسم کشمیری, |
||
| 880 |
_6245-02\(3\r _aاردو ادب کی تاریخ _bڈاکٹر تبسم کشمیری, |
||
| 880 |
_6260-03\(3\r _aلاہور ؛ _bسنگِ میل پبلی کیشنز _c2016. |
||
| 942 |
_2ddc _cBK |
||
| 999 |
_c614228 _d614228 |
||